[Event "ARG-ch U14"]
[Site "Buenos Aires"]
[Date "2019.03.02"]
[Round "4.3"]
[White "Moreno Perez, Tobias Sebastian"]
[Black "Campos, Cristian"]
[Result "0-1"]
[WhiteElo "1702"]
[BlackElo "1801"]
[PlyCount "96"]
[EventDate "2019.03.01"]
[EventType "swiss"]
[EventRounds "9"]
[EventCountry "ARG"]
[SourceTitle "EXT 2024"]
[Source "ChessBase"]
[SourceDate "2023.10.10"]
[SourceVersion "1"]
[SourceVersionDate "2023.10.10"]
[SourceQuality "1"]

1. c4 Nf6 2. Nf3 g6 3. g3 Bg7 4. Bg2 d6 5. 0-0 0-0 6. d4 Nc6 7. Nc3 e5 8. dxe5 dxe5 9. Qxd8 Rxd8 10. Bg5 Re8 11. Nd2 Nd4 12. Bxf6 Bxf6 13. Nde4 Bd8 14. e3 Ne6 15. Nd5 Kg7 16. g4 f5 17. gxf5 gxf5 18. Ng3 Rf8 19. Rad1 c6 20. Nc3 Bc7 21. b4 Ng5 22. h4 Nf7 23. b5 e4 24. Nce2 Ne5 25. bxc6 bxc6 26. Nd4 Kh6 27. Rc1 a6 28. c5 Rf6 29. Nge2 Nd3 30. Rc2 Rg6 31. Nc1 Nb4 32. Rb2 Nd5 33. Nce2 Rb8 34. Rd2 Bd7 35. Nc2 Rbg8 36. Ne1 Ba5 37. Rxd5 cxd5 38. Nf4 Bb5 39. Nxg6 Rxg6 40. Nc2 Bxf1 41. Kxf1 Rc6 42. Nd4 Rxc5 43. Nxf5+ Kg6 44. Bh3 Rc1+ 45. Kg2 Kf6 46. Nd4 Bb6 47. Nb3 Rc2 48. Kg3 Rxa2 0-1

[Event "Pan American-ch U12"]
[Site "Santiago de Chile"]
[Date "2018.07.23"]
[Round "3"]
[White "Campos, Cristian"]
[Black "Zong, Davis Jr"]
[Result "1/2-1/2"]
[WhiteElo "1724"]
[BlackElo "2075"]
[PlyCount "50"]
[EventDate "2018.07.22"]
[EventType "swiss"]
[EventRounds "9"]
[EventCountry "CHI"]
[SourceTitle "EXT 2022"]
[Source "ChessBase"]
[SourceDate "2021.10.06"]
[SourceVersion "1"]
[SourceVersionDate "2021.10.06"]
[SourceQuality "1"]

1. Nf3 Nf6 2. c4 e6 3. g3 b6 4. Bg2 Bb7 5. 0-0 Be7 6. d4 0-0 7. b3 c5 8. Bb2 d6 9. Re1 cxd4 10. Bxd4 Nbd7 11. Bb2 Qc7 12. Nc3 a6 13. Rc1 Rac8 14. e4 Rfd8 15. Nd4 Ne5 16. h3 Nfd7 17. f4 Nc6 18. Nd5 exd5 19. cxd5 Ndb8 20. Bf3 Bf6 21. dxc6 Nxc6 22. Bg4 Bxd4+ 23. Bxd4 Rb8 24. Qc2 Ba8 25. Qc3 f6 1/2-1/2

[Event "ARG-chT ART Semillero U21"]
[Site "Villa Martelli"]
[Date "2017.06.10"]
[Round "5"]
[White "Campos, Cristian"]
[Black "Villarreal, Agustin"]
[Result "0-1"]
[WhiteElo "1543"]
[BlackElo "1538"]
[PlyCount "70"]
[EventDate "2017.05.13"]
[EventType "team-swiss"]
[EventRounds "7"]
[EventCountry "ARG"]
[SourceTitle "EXT 2018"]
[Source "ChessBase"]
[SourceDate "2017.10.13"]
[SourceVersion "1"]
[SourceVersionDate "2017.10.13"]
[SourceQuality "1"]
[WhiteTeam "Club Villa del Parque U21"]
[BlackTeam "Tacticos y Estrategas U21"]
[WhiteTeamCountry "ARG"]
[BlackTeamCountry "ARG"]

1. c4 e5 2. Nc3 Nf6 3. Nf3 Nc6 4. d3 d6 5. g3 g6 6. Bg2 Bg7 7. 0-0 0-0 8. e4 Nd7 9. Bg5 f6 10. Be3 Nc5 11. Rb1 a5 12. b3 Nb4 13. Ne1 f5 14. a3 Nc6 15. b4 axb4 16. axb4 Ne6 17. f3 f4 18. Bf2 Ncd4 19. Nc2 Bd7 20. Nxd4 Nxd4 21. Bxd4 exd4 22. Ne2 fxg3 23. hxg3 b5 24. cxb5 Bxb5 25. Qb3+ Kh8 26. Nf4 Bd7 27. Kf2 Qg5 28. Rh1 Be5 29. Ne2 Bxg3+ 30. Nxg3 Qe3+ 31. Kf1 Rxf3+ 32. Bxf3 Qxf3+ 33. Ke1 Qxg3+ 34. Kd2 Qf2+ 35. Kd1 Ba4 0-1